Biography Books for Children: The Subtitles Quiz Stats

Quiz Updated Sep 7, 2017

Challenge
Share
Tweet
Embed
Score 0/15 Timer 04:00
4 Plays Today
% Correct
Louisa May's Battle
91.2%
Star Stuff
90.8%
Six Dots
90.4%
Separate Is Never Equal
88.7%
Bill the Boy Wonder
87.8%
When the Beat Was Born
87.7%
Martin & Mahalia
86.4%
Footwork
86.1%
% Correct
The Noisy Paint Box
86%
Manfish
85.4%
Wangari's Trees of Peace
83.8%
The Pilot and the Little Prince
83.7%
Worst of Friends
82%
I Dissent
81.1%
The Day-Glo Brothers
79.5%

You're not logged in!

Compare scores with friends on all Sporcle quizzes.
Join for Free
OR
Log In

You Might Also Like...

Show Comments

Extras

Top Quizzes Today


Score Distribution

Your Account Isn't Verified!

In order to create a playlist on Sporcle, you need to verify the email address you used during registration. Go to your Sporcle Settings to finish the process.

Report this User

Report this user for behavior that violates our Community Guidelines.

Details: